CAZUELA POBLANA (Registro nro. 47757)
[ vista simple ]
| 000 -LEADER | |
|---|---|
| fixed length control field | 00658nam a2200193 a 4500 |
| 001 - CONTROL NUMBER | |
| control field | 47757 |
| 005 - DATE AND TIME OF LATEST TRANSACTION | |
| control field | 20180714031822.0 |
| 008 - FIXED-LENGTH DATA ELEMENTS--GENERAL INFORMATION | |
| fixed length control field | 140415s1993 mx 000 0 spa d |
| 041 ## - LANGUAGE CODE | |
| Language code of text/sound track or separate title | spa |
| 082 ## - DEWEY DECIMAL CLASSIFICATION NUMBER | |
| Classification number | 641.5097248 |
| Item number | CAZ |
| 245 00 - TITLE STATEMENT | |
| Title | CAZUELA POBLANA |
| 250 ## - EDITION STATEMENT | |
| Edition statement | 1a ed. |
| 260 ## - PUBLICATION, DISTRIBUTION, ETC. | |
| Place of publication, distribution, etc. | MEXICO : |
| Name of publisher, distributor, etc. | GRUPO IMPRESOS MAARCEER, |
| Date of publication, distribution, etc. | 1993 |
| 300 ## - PHYSICAL DESCRIPTION | |
| Extent | 23 |
| Dimensions | 21.5 x 0.3 x 28.5 |
| 490 ## - SERIES STATEMENT | |
| Series statement | PUEBLA |
| 500 ## - GENERAL NOTE | |
| General note | COLECCIÓN PUEBLA |
| 520 ## - SUMMARY, ETC. | |
| Summary, etc. | LA COMPETENCIA ES CADA VEZ MÁS DIFICIL, LA ÚNICA FORMA DE PREVALECER Y SOBRESALIR EN EL MERCADO ES SUPERARSE Y OFRECER ADEMÁS DEL SABOR, EXCELENCIA EN EL SERVICIO. |
| 650 14 - SUBJECT ADDED ENTRY--TOPICAL TERM | |
| Topical term or geographic name entry element | COCINA |
| General subdivision | COCINA |
| -- | PUEBLA |
| Withdrawn status | Lost status | Source of classification or shelving scheme | Damaged status | Not for loan | Collection code | Home library | Current library | Shelving location | Date acquired | Source of acquisition | Inventory number | Total Checkouts | Full call number | Barcode | Date last seen | Price effective from | Koha item type |
|---|---|---|---|---|---|---|---|---|---|---|---|---|---|---|---|---|---|
| Dewey Decimal Classification | Consulta en sala | Puebla | Biblioteca Karol Wojtyla | Biblioteca Karol Wojtyla | Área de silencio | 03/12/2013 | Compra | 151000000000000000072647 | 641.5097248 CAZ | 71530 | 05/01/2026 | 03/12/2013 | Libro |